GEORGE BARANY, STEPHEN SZÉCHENYI AND THE AWAKENING OF HUNGARIAN NATIONALISM, 1791-1841.

Bibliographic Details
Main Author: Vantuch, A. (Author)
Format: Article
Language:Slovak

MARC

LEADER 00000nab a2200000uu 4500
001 vtls010889434
003 SK-MaSNL
005 20260303105952.0
008 230121|1970 xo |||||||||||||||||slo|
015 |a SNBRB 
035 |a (urnnbn)urn:nbn:sk:snk:ar-004wiz 
035 |a (uuid)de796cb5-aa07-4234-b833-79b8f37f030d 
035 |a urn:nbn:sk:snk-ab8jpe 
040 |a SNKBUCL  |b slo  |c SNKBUCL  |e AACR2 
041 0 |a slo 
044 |a xo  |c SK 
100 1 |a Vantuch, A.  |4 aut  |9 1121318 
245 1 0 |a GEORGE BARANY, STEPHEN SZÉCHENYI AND THE AWAKENING OF HUNGARIAN NATIONALISM, 1791-1841.  |c A. Vantuch 
773 0 |t Historický časopis  |g Roč. 18, č. 2 (1970), s. 320-322 
954 |a odborná, vedecká literatúra pôvodná (slovenská)  |2 lita 
958 |a OND 
958 |a EUIPO 
958 |a article10 
999 |c 1866939  |d 1868869